000 01611cam a22004814i 4500
003 PE-LiUPU
005 20250731184529.0
008 150623s r 000 0 d
020 _a1563381338
035 _a(Sirsi) i9781563381331
040 _aPE-LiUPU
_bspa
_cPE-LiUPU
_erda
049 _aPRUA
082 0 4 _a956.945
_bH76
_221
100 1 _aHorsley, Richard A.,
_eautor.
245 1 0 _aGalilee :
_bhistory, politics, people /
_cRichard A. Horsley.
264 1 _aPennsylvania :
_bTrinity Press International,
_c1995.
300 _a357 páginas ;
_c23.5 centímetros
336 _atext
_2rdacontent
337 _aunmediated
_2rdamedia
338 _avolume
_2rdacarrier
505 0 _aGalilee. -History. -The rulers of galilee in Roman times. -Galilean village communities.
526 _aP136
526 _aP135
526 _aP134
526 _aP133
526 _aP144
526 _aP143
526 _aP87
526 _aP35
526 _aP20
526 _aP14
526 _aP10
526 _aP06
650 0 4 _aGalilea (Israel)
_xHistoria.
650 0 4 _aJudaísmo
_xHistoria
_yperíodo post-exilio, 586 aC-210 dC.
650 0 4 _aJudios
_xHistoria
_y168 aC-135 dC.
942 _2ddc
_cBOOK
949 _a956.945 H76
_wDEWEY
_c1
_i44857
_lCCODEBUL1
_mBUL
_r0
_sY
_tBOOK
_u2015-6-24
_xTEOLOGIA
_PP35
_0COMPRA
_o.STAFF. Colección General
994 _aC0
_bPEPRU
596 _a1
999 _a956.945 H76
_wDEWEY
_c21731
_i44857
_f2021-11-11
_g5
_lCCODEBUL1
_mBUL
_r0
_sY
_tBOOK
_u2015-6-24
_xTEOLOGIA
_PP35
_0COMPRA
_o.STAFF. Colección General
_d21731
980 _81
_gALBERTO SANCHEZ Responsable de Automatización